Countries With Most 'A's in its Name - Statistics

General Stats
  • This quiz has been taken 3,751 times
    2,621 since last reset
  • The average score is 15 of 27
Answer Stats
Continent Country % Correct
Oceania Australia
85%
North America Canada
80%
North America Panama
67%
Asia Afghanistan
64%
North America Bahamas
63%
Asia Kazakhstan
62%
North America Antigua and Barbuda
60%
South America Paraguay
60%
North America Guatemala
59%
Africa Madagascar
59%
North America Nicaragua
57%
Europe Albania
56%
North America Jamaica
55%
Asia Azerbaijan
54%
Asia Saudi Arabia
54%
Oceania Papua New Guinea
52%
Oceania Marshall Islands
50%
Africa Central African Republic
49%
Africa Mauritania
49%
Africa Tanzania
49%
Asia Malaysia
48%
North America Trinidad and Tobago
47%
North America Saint Vincent and the Grenadines
41%
Asia United Arab Emirates
41%
Oceania Federated States of Micronesia
39%
Europe Bosnia and Herzegovina
34%
Africa Equatorial Guinea
31%
No matching quizzes found
Score Distribution
Percent of People with Each Score
Percentile by Number Answered
Your Score History
You have not taken this quiz since the last reset